000 00428nam a2200133 a 4500
001 000040132
005 20201002033933.0
008 130808s1969 cu 000 0 spa d
040 _aDO-SdBNP
_bspa
_cBNPHU
245 0 0 _aRecopilación de textos sobre Juan Rulfo.
260 _aLa Habana :
_bCentro de Investigaciones Literarias, Casa de las Américas,
_c1969.
300 _a145 p. ;
_c25 cm.
504 _aBibliografía : p. 165-169.
999 _c39622
_d39622